000 nam a22 a 4500
999 _c167
_d167
003 AKMAL
005 20170421164521.0
008 170421s2007 my | e f f000 0 may d
020 _a9677010158
040 _aAKMAL
082 0 4 _a354.595 PEK
_222
090 0 0 _a354.595
_bPEK
110 1 _aMalaysia
_9400
245 0 0 _aPekeliling Kemajuan Pentadbiran Awam dan profil perkhidmatan awam Malaysia /
_cdisusun semula oleh Penasihat Undang-undang MDC
250 _aEd. 2007
260 _aKuala Lumpur :
_bMDC Publishers,
_c2007
300 _a688ms. ;
_c25cm.
500 _aDi kepala judul kulit depan: Buku panduan untuk peperiksaan am kerajaan
500 _aCetakan kelimabelas 2007
650 1 0 _aOffice practice in government
_zMalaysia
_vHandbooks, manuals, etc.
_9403
650 2 0 _aCivil service ethics
_zMalaysia
_vHandbooks, manuals, etc.
_9404
710 2 _aPenasihat undang-undang MDC
_9405
942 _2ddc
_cBOOK